书目信息 |
| 题名: |
刘雷
|
|
| 作者: | 李媚 , 阮义忠 主编 ;刘雷, 著 | |
| 分册: | ||
| 出版信息: | 北京 中国工人出版社 2005.01 |
|
| 页数: | 1册 | |
| 开本: | 19cm | |
| 丛书名: | 中国摄影家丛书 | |
| 单 册: | ||
| 中图分类: | J421 | |
| 科图分类: | ||
| 主题词: | 摄影集--she ying ji--中国--现代 | |
| 电子资源: | ||
| ISBN: | 7-5008-3461-6 | |
| 000 | 00938nam 2200277 450 | |
| 001 | 012008011375 | |
| 005 | 20080316101243.96 | |
| 010 | @a7-5008-3461-6@dCNY29.00 | |
| 100 | @a20080316d2005 km y0chiy0120 ea | |
| 101 | 0 | @achi |
| 102 | @aCN@b110000 | |
| 105 | @aa z 000yy | |
| 106 | @ar | |
| 200 | 1 | @a刘雷@Aliu lei@f李媚, 阮义忠主编@Fli mei,ruan yi zhong zhu bian@g[刘雷摄]@G[liu lei she] |
| 210 | @a北京@c中国工人出版社@d2005.01 | |
| 215 | @a1册@c图@d19cm | |
| 225 | 2 | @a中国摄影家丛书@Azhong guo she ying jia cong shu |
| 330 | @a本书是中国著名摄影家刘雷的摄影作品集,书中收集了作者的许多精美的摄影图案,其中的很多图案很有感染力。 | |
| 410 | 0 | @12001 @a中国摄影家丛书 |
| 606 | 0 | @a摄影集@Ashe ying ji@y中国@z现代 |
| 690 | @aJ421@v4 | |
| 701 | 0 | @a李媚@Ali mei@4主编 |
| 701 | 0 | @a阮义忠@Aruan yi zhong@4主编 |
| 702 | 0 | @a刘雷,@Aliu lei,@f1954-@4著 |
| 801 | 0 | @aCN@bQSSK@c20080316 |
| 905 | @b20284755-57@dJ421@eL214@f3 | |
| 刘雷/李媚, 阮义忠主编/[刘雷摄].-北京:中国工人出版社,2005.01 |
| 1册:图;19cm.-(中国摄影家丛书) |
| ISBN 7-5008-3461-6:CNY29.00 |
| 本书是中国著名摄影家刘雷的摄影作品集,书中收集了作者的许多精美的摄影图案,其中的很多图案很有感染力。 |
| ● |
| 相关链接 |
|
|
|
正题名:刘雷
索取号:J421/L214
 
预约/预借
| 序号 | 登录号 | 条形码 | 馆藏地/架位号 | 状态 | 备注 |
| 1 | 284755 | 202847553 | 社科库309/309社科库 48排4列3层/ [索取号:J421/L214] | 在馆 | |
| 2 | 284756 | 202847562 | 社科库309/309社科库 85排1列5层/ [索取号:J421/L214] | 在馆 | |
| 3 | 284757 | 202847571 | 社科库309/309社科库 84排4列1层/ [索取号:J421/L214] | 在馆 |